000 00461nam a2200169Ia 4500
008 090711s9999 xx 000 0 und d
082 _b64106
100 _aओक सुनेत्रा
245 _aघराबाहेर
260 _c1983
300 _a212
600 _aओक सुनेत्रा
630 _aघराबाहेर
700 _aओक सुनेत्रा
730 _aघराबाहेर
942 _cBOOK
999 _c298270
_d298270